| 000 | 00639nam a22001937a 4500 | ||
|---|---|---|---|
| 005 | 20160622114640.0 | ||
| 010 | _aENG-115181 | ||
| 020 |
_a9789385288708 _c299.00 |
||
| 035 | _aEN-98713 | ||
| 037 | _bDBAD/PUB | ||
| 082 | _aS | ||
| 100 | _aJasberenyi, Sandor | ||
| 245 |
_aThe devil is a black dog : _cby Sandor Jasberenyi; translated by M. Henderson Ellis _bstories of war and revolution from the Middle East and beyond / |
||
| 260 |
_aNew Delhi _bSpeaking Tiger _c2015 |
||
| 270 |
_a4381/4, Ansari Road, Daryaganj, _bNew Delhi _e110002 |
||
| 300 |
_a194p. _c21cm(pbk) |
||
| 700 | _aEllis, M. Henderson | ||
| 942 |
_2ddc _cEN _mJAS _hS |
||
| 999 |
_c100148 _d100148 |
||